000 00394nam a2200145Ia 4500
008 230711s9999||||xx |||||||||||||| ||und||
041 _aENG
082 _a4
_bBR-M
100 _aBrey,Barry B
245 0 _aMicroprocessor hardware interfacing and application
250 _a1st
260 _c1984
_aNew Delhi
_bCBS Publishers & Distributors Pvt.Ltd
650 _aComputer Engineering
942 _cBK
999 _c1375
_d1375